|
|
|
|
| LEADER |
00000naa a2200000uu 4500 |
| 001 |
vtls011077322 |
| 003 |
SK-MaSNL |
| 005 |
20260302140700.0 |
| 008 |
210908|2003 xo |||||||||||||||||eng| |
| 015 |
|
|
|a SNBRA
|
| 035 |
|
|
|a (urnnbn)urn:nbn:sk:snk:ar-a0cfka
|
| 035 |
|
|
|a (uuid)433ccf42-ccde-401a-bb10-ac458816089e
|
| 035 |
|
|
|a urn:nbn:sk:snk-aavlo0
|
| 040 |
|
|
|a SNKBUCL
|b slo
|c SNKBUCL
|e AACR2
|
| 041 |
0 |
|
|a eng
|
| 044 |
|
|
|a xo
|c SK
|
| 100 |
1 |
|
|a Ionica, Madalina
|4 aut
|9 811916
|
| 245 |
1 |
0 |
|a WATER POLLUTION BY NUTRIENTS GENERATED BY RURAL ECONOMY
|c Ionica Madalina, Matei Aronel, Traista Eugen
|
| 700 |
1 |
|
|a Matei, Aronel
|4 aut
|9 807898
|
| 700 |
1 |
|
|a Traista, Eugen
|4 aut
|9 811915
|
| 773 |
0 |
|
|t Geotur 2003
|d V Košiciach : Technická univerzita, 2003
|g S. 89-94
|z 8080730946
|
| 958 |
|
|
|a OND
|
| 958 |
|
|
|a article12
|
| 958 |
|
|
|a chapter
|
| 999 |
|
|
|c 1331925
|d 1333855
|